Python machine learning : (Record no. 28371)
[ view plain ]
| 000 -LEADER | |
|---|---|
| fixed length control field | 02700pam a22004331i 4500 |
| 001 - CONTROL NUMBER | |
| control field | 019648850 |
| 003 - CONTROL NUMBER IDENTIFIER | |
| control field | EG-ScBUE |
| 005 - DATE AND TIME OF LATEST TRANSACTION | |
| control field | 20200319093730.0 |
| 008 - FIXED-LENGTH DATA ELEMENTS--GENERAL INFORMATION | |
| fixed length control field | 191216s2019 enka f b 001 0 eng d |
| 020 ## - INTERNATIONAL STANDARD BOOK NUMBER | |
| Cancelled/invalid ISBN | 9781789955750 (pbk.) |
| 040 ## - CATALOGING SOURCE | |
| Original cataloging agency | StDuBDS |
| Language of cataloging | eng |
| Description conventions | rda |
| Transcribing agency | StDuBDS |
| Modifying agency | Uk |
| -- | EG-ScBUE |
| 041 0# - LANGUAGE CODE | |
| Language code of text/sound track or separate title | eng |
| Language code of summary or abstract/overprinted title or subtitle | eng |
| 082 04 - DEWEY DECIMAL CLASSIFICATION NUMBER | |
| Classification number | 005.133 |
| Item number | RAS |
| Edition number | 22 |
| 100 1# - MAIN ENTRY--PERSONAL NAME | |
| Personal name | Raschka, Sebastian, |
| Relator term | author. |
| 245 10 - TITLE STATEMENT | |
| Title | Python machine learning : |
| Remainder of title | machine learning and deep learning with Python, scikit-learn, and TensorFlow 2 / |
| Statement of responsibility, etc | Sebastian Raschka, Vahid Mirjalili. |
| 250 ## - EDITION STATEMENT | |
| Edition statement | Third edition. |
| 264 #1 - PUBLICATION, DISTRIBUTION, ETC. (IMPRINT) | |
| Place of publication, distribution, etc | Birmingham, UK : |
| Name of publisher, distributor, etc | Packt Publishing, |
| Date of publication, distribution, etc | 2019. |
| 300 ## - PHYSICAL DESCRIPTION | |
| Extent | xxi, 741 pages : |
| Other physical details | illustrations (black and white) ; |
| Dimensions | 24 cm. |
| 336 ## - CONTENT TYPE | |
| Content type term | text |
| Source | rdacontent |
| Content type code | txt |
| 336 ## - CONTENT TYPE | |
| Content type term | still image |
| Source | rdacontent |
| Content type code | txt |
| 337 ## - MEDIA TYPE | |
| Media type term | computer |
| Source | rdamedia |
| Media type code | n |
| 338 ## - CARRIER TYPE | |
| Carrier type term | online resource |
| Source | rdacarrier |
| Carrier type code | nc |
| 490 0# - SERIES STATEMENT | |
| Series statement | Expert insight |
| 504 ## - BIBLIOGRAPHY, ETC. NOTE | |
| Bibliography, etc | Includes bibliographical references and index. |
| 505 0# - FORMATTED CONTENTS NOTE | |
| Formatted contents note | Table of ContentsGiving Computers the Ability to Learn from DataTraining Simple ML Algorithms for ClassificationML Classifiers Using scikit-learnBuilding Good Training Datasets - Data PreprocessingCompressing Data via Dimensionality ReductionBest Practices for Model Evaluation and Hyperparameter TuningCombining Different Models for Ensemble LearningApplying ML to Sentiment AnalysisEmbedding a ML Model into a Web ApplicationPredicting Continuous Target Variables with Regression AnalysisWorking with Unlabeled Data - Clustering AnalysisImplementing Multilayer Artificial Neural NetworksParallelizing Neural Network Training with TensorFlowTensorFlow MechanicsClassifying Images with Deep Convolutional Neural NetworksModeling Sequential Data Using Recurrent Neural NetworksGANs for Synthesizing New DataRL for Decision Making in Complex Environments. |
| 520 ## - SUMMARY, ETC. | |
| Summary, etc | Python Machine Learning, Third Edition is a comprehensive guide to machine learning and deep learning with Python. Packed with clear explanations, visualizations, and working examples, the book covers all the essential machine learning techniques in depth. This new third edition is updated for TensorFlow 2 and the latest additions to |
| 546 ## - LANGUAGE NOTE | |
| Language note | In English; summary in English. |
| 588 ## - SOURCE OF DESCRIPTION NOTE | |
| Source of description note | Description based on CIP data; resource not viewed. |
| 650 #7 - SUBJECT ADDED ENTRY--TOPICAL TERM | |
| Topical term or geographic name as entry element | Machine learning. |
| Source of heading or term | BUEsh |
| 650 #7 - SUBJECT ADDED ENTRY--TOPICAL TERM | |
| Topical term or geographic name as entry element | Python (Computer program language) |
| Source of heading or term | BUEsh |
| 653 ## - INDEX TERM--UNCONTROLLED | |
| Resource For college | Informatics and Computer Science |
| Arrived date list | March2020 |
| 655 ## - INDEX TERM--GENRE/FORM | |
| Form subdivision | Reading book |
| 9 (RLIN) | 34232 |
| 700 1# - ADDED ENTRY--PERSONAL NAME | |
| Personal name | Mirjalili, Mahid, |
| Relator term | author. |
| 776 08 - ADDITIONAL PHYSICAL FORM ENTRY | |
| Display text | Print version : |
| International Standard Book Number | 9781789955750 |
| 903 ## - LOCAL DATA ELEMENT C, LDC (RLIN) | |
| a | ELD.DS.478811 |
| 942 ## - ADDED ENTRY ELEMENTS (KOHA) | |
| Source of classification or shelving scheme | Dewey Decimal Classification |
| Koha item type | Book - Borrowing |
| Withdrawn status | Lost status | Source of classification or shelving scheme | Damaged status | Not for loan | Collection code | Home library | Current library | Shelving location | Date acquired | Source of acquisition | Total Checkouts | Total Renewals | Full call number | Barcode | Date last seen | Date checked out | Price effective from | Koha item type |
|---|---|---|---|---|---|---|---|---|---|---|---|---|---|---|---|---|---|---|
| Dewey Decimal Classification | Baccah | Central Library | Central Library | Lower Floor | 19/03/2020 | Purchase | 4 | 17 | 005.133 RAS | 000049059 | 08/10/2025 | 14/08/2025 | 19/03/2020 | Book - Borrowing |